[Event "Match"]
[Site "www.echecsemail.com"]
[Date "2015.03.08"]
[Round "1"]
[White "Generalfree"]
[Black "Norbos"]
[WhiteElo "1660"]
[BlackElo "1700"]
[Result "0-1"]
[Round "1"]
1.e4 e5
2.Ng1f3 d6
3.Bf1c4 Ng8f6
4.Nf3g5 d5
5.exd5 Bc8g4
6.f3 Bg4h5
7.Bc4b5 Nb8d7
8.Qd1e2 Nf6xd5
9.Qe2xe5 Nd5e7
10.Ng5xf7 Bh5xf7
11.Qe5f4 c6
12.Bb5a4 Ne7g6
13.Qf4e4 Bf8e7
14.b4 O-O
15.d4 Rf8e8
16.O-O Be7xb4
17.Bc1g5 Qd8xg5
{ resign }
0-1

[Event "Match"]
[Site "www.echecsemail.com"]
[Date "2015.03.08"]
[Round "1"]
[White "Fresnel"]
[Black "Pariolinius"]
[WhiteElo "1499"]
[BlackElo "1830"]
[Result "0-1"]
[Round "1"]
1.d4 d5
2.c4 c6
3.Ng1f3 Ng8f6
4.Nb1c3 e6
5.Bc1g5 Nb8d7
6.e3 Bf8e7
7.Bf1d3 dxc4
8.Bd3xc4 b5
9.Bc4d3 O-O
10.O-O Qd8b6
11.Ra1c1 Bc8b7
12.e4 h6
13.Bg5h4 Be7d8
14.Qd1e2 b4
15.Nc3a4 Qb6c7
16.Bh4g3 Qc7c8
17.Bg3d6 Rf8e8
18.Bd6xb4 Bd8c7
19.Rc1c2 Qc8b8
20.Rf1c1 Re8c8
21.Bb4e7 Rc8e8
22.Be7xf6 Nd7xf6
23.Na4c5 Bb7c8
24.Bd3a6 Bc8xa6
25.Nc5xa6 Qb8b7
26.Na6xc7 Qb7xc7
27.Rc2xc6 Qc7a5
 { time }
0-1

[Event "Match"]
[Site "www.echecsemail.com"]
[Date "2015.03.08"]
[Round "1"]
[White "Blackpool"]
[Black "Pare123"]
[WhiteElo "1720"]
[BlackElo "2010"]
[Result "1-0"]
[Round "1"]
1.d4 e6
2.Ng1f3 Ng8f6
3.c4 Bf8e7
4.Nb1c3 O-O
5.Bc1g5 h6
6.Bg5xf6 Be7xf6
7.e3 b6
8.Bf1d3 Bc8b7
9.Nc3e4 d5
10.Ne4xf6 Qd8xf6
11.cxd5 Bb7xd5
12.e4 Bd5b7
13.O-O Rf8d8
14.Qd1a4 Nb8c6
15.e5 Qf6e7
16.Rf1d1 Rd8d5
17.Bd3e4 Rd5a5
18.Qa4c2 Nc6b4
19.Qc2e2 Bb7xe4
20.Qe2xe4 Ra8d8
21.a3 Nb4d5
22.Ra1c1 f5
23.exf6 Nd5xf6
24.Qe4c6 Nf6d5
25.Rd1e1 Rd8d6
26.Qc6c2 c5
27.dxc5 Ra5xc5
28.Qc2d2 Nd5f6
29.Qd2e3 Nf6g4
30.Qe3e4 Ng4f6
31.Qe4e3 Rc5xc1
32.Re1xc1 Rd6d8
33.h3 Rd8e8
34.Qe3e5 Nf6d7
35.Qe5e3 Qe7f6
36.b4 e5
37.b5 Nd7c5
38.Rc1d1 e4
39.Nf3d4 Qf6f7
40.Nd4c6 Nc5d3
41.f3 Nd3c5
42.fxe4 Re8xe4
43.Rd1d8 Kh7
44.Qe3g3 Nc5e6
45.Rd8a8 Re4a4
46.Qg3d3 g6
47.Qd3c3 Ne6g7
48.Nc6e5 Qf7e7
49.Qc3g3 Qe7e6
50.Ne5xg6 Qe6xg6
51.Ra8h8 Kxh8
52.Qg3xg6 Ra4xa3
53.Qg6d6 Ra3a1
54.Kh2 Kh7
55.Qd6d4 Ra1a5
56.Qd4c4 h5
57.Kg3 Kg6
58.Qc4e4 Ng7f5
59.Kh2 h4
60.Qe4e8 Kf6
61.Qe8h8 Kg5
62.Qh8g8 Kf4
63.Qg8g4 Ke5
64.Qg4e2 Kf6
65.Qe2d2 Ke6
66.Qd2e2 Kd5
67.Qe2f3 Ke6
68.Qf3e4 Kf6
69.Qe4e8 Kg5
70.Qe8g8 Kf4
71.Qg8c4 Kg5
72.Qc4g4 Kf6
73.Qg4g8 Ra5a4
74.Qg8f8 Kg5
75.Qf8g8 Kf6
76.Qg8d8 Ke6
77.Qd8c8 Ke5
78.Qc8c3 Nf5d4
79.Qc3e3 Kd6
80.Qe3h6 Nd4e6
81.Qh6d2 Ra4d4
82.Qd2a2 Rd4d5
83.Qa2xa7 Rd5xb5
84.Qa7b8 Ne6c7
85.Qb8d8 Kc6
86.Qd8xh4 Rb5d5
87.g4 b5
88.Qh4f6 Kb7
89.g5 b4
90.g6 Rd5d1
91.Qf6f3 { resign }
1-0

[Event "Match"]
[Site "www.echecsemail.com"]
[Date "2015.03.08"]
[Round "1"]
[White "Generalfree"]
[Black "Gilliere"]
[WhiteElo "1780"]
[BlackElo "1870"]
[Result "1/2-1/2"]
[Round "1"]
1.e4 e5
2.Ng1f3 d6
3.Bf1c4 h6
4.c3 Ng8f6
5.d3 Nb8d7
6.Bc1e3 Bf8e7
7.h3 b6
8.b4 Bc8b7
9.a4 O-O
10.g4 Nf6h7
11.Nb1d2 Be7g5
12.Be3xg5 Nh7xg5
13.Nf3xg5 Qd8xg5
14.f3 Qg5h4
15.Ke2 c5
16.b5 Nd7f6
17.Qd1e1 { draw }
1/2-1/2

[Event "Match"]
[Site "www.echecsemail.com"]
[Date "2015.03.08"]
[Round "1"]
[White "Dany2005"]
[Black "Tomcapp"]
[WhiteElo "999"]
[BlackElo "1420"]
[Result "1-0"]
[Round "1"]
1.f4 d5
2.b3 Bc8f5
3.e3 Nb8c6
4.a3 e6
5.Bc1b2 Ng8f6
6.Ng1f3 Bf8d6
7.Bf1b5 O-O
8.Bb5xc6 bxc6
9.O-O c5
10.Nf3e5 Bd6xe5
11.Bb2xe5 Nf6g4
12.Be5b2 Qd8h4
13.h3 Bf5e4
14.Qd1xg4 Qh4xg4
15.hxg4 Be4xc2
16.Nb1c3 Bc2e4
17.Nc3xe4 dxe4
18.Ra1c1 a5
19.Rc1xc5 h6
20.Rc5xc7 a4
21.b4 g5
22.fxg5 hxg5
23.Bb2f6 Ra8a6
24.Bf6xg5 e5
25.Bg5f6 Ra6d6
26.g5 Rd6xd2
27.Rc7a7 Rd2e2
28.Ra7xa4 Re2xe3
29.Bf6xe5 f6
30.Be5xf6 Re3c3
31.Ra4a7 e3
32.Bf6xc3 e2
33.Rf1xf8 Kxf8
34.Kf2 e1Q
35.Bc3xe1 Ke8
36.g6 Kf8
37.g7 Kg8
38.Be1c3 Kh7
39.g8Q Kh6
40.Ra7h7 
1-0

[Event "Match"]
[Site "www.echecsemail.com"]
[Date "2015.03.08"]
[Round "1"]
[White "Fkarpov"]
[Black "Gerailen0075"]
[WhiteElo "2060"]
[BlackElo "1879"]
[Result "0-1"]
[Round "1"]
1.e4 Ng8f6
2.Bf1c4 Nf6xe4
3.Bc4xf7 Kxf7
4.Qd1h5 g6
5.Qh5d5 e6
6.Qd5xe4 Bf8g7
7.Ng1f3 Rh8f8
8.d4 d5
9.Qe4e2 Nb8c6
10.c3 Kg8
11.Nb1a3 e5
12.Bc1g5 Qd8d7
13.O-O Qd7g4
14.h3 Qg4h5
15.Qe2d2 Rf8xf3
{ resign }
0-1

[Event "Match"]
[Site "www.echecsemail.com"]
[Date "2015.03.08"]
[Round "1"]
[White "Korbacik"]
[Black "Chapi"]
[WhiteElo "1809"]
[BlackElo "2010"]
[Result "1-0"]
[Round "1"]
1.e4 c5
2.Ng1f3 Nb8c6
3.d4 cxd4
4.Nf3xd4 g6
5.c4 Bf8g7
6.Nd4c2 d6
7.Bf1e2 Ng8f6
8.Nb1c3 O-O
9.O-O a6
10.Bc1e3 Bc8e6
11.Qd1d2 Nc6e5
12.b3 Ra8c8
13.f4 Ne5g4
14.Be3d4 Be6d7
15.h3 Ng4h6
16.Be2f3 b5
17.cxb5 axb5
18.Nc2e3 Bd7c6
19.Ra1d1 Nf6d7
20.Bd4xg7 Kxg7
21.Kh1 Nh6g8
22.e5 Bc6xf3
23.Rf1xf3 dxe5
24.Nc3xb5 e4
25.Rf3f2 f5
26.Qd2xd7 Qd8b6
27.Qd7d4 Qb6xd4
28.Nb5xd4 Ng8f6
29.Nd4e6 { resign }
1-0

[Event "Match"]
[Site "www.echecsemail.com"]
[Date "2015.03.08"]
[Round "1"]
[White "Jasmartin"]
[Black "Generalfree"]
[WhiteElo "1730"]
[BlackElo "1830"]
[Result "1/2-1/2"]
[Round "1"]
1.d4 e6
2.c4 c5
3.Ng1f3 Nb8c6
4.g3 h6
5.Bf1g2 cxd4
6.Nf3xd4 e5
7.Nd4xc6 bxc6
8.O-O f5
9.e4 Qd8f6
10.a3 f4
11.b4 Bc8a6
12.Nb1d2 fxg3
13.hxg3 Qf6e6
14.Qd1b3 Ng8f6
15.a4 Ra8b8
16.Bc1a3 d6
17.Rf1e1 g5
18.c5 Qe6xb3
19.Nd2xb3 dxc5
20.Nb3xc5 Bf8xc5
21.bxc5 Nf6d7
{ draw }
1/2-1/2

[Event "Match"]
[Site "www.echecsemail.com"]
[Date "2015.03.08"]
[Round "1"]
[White "Llord"]
[Black "Generalfree"]
[WhiteElo "1700"]
[BlackElo "1760"]
[Result "1-0"]
[Round "1"]
1.e4 e5
2.Ng1f3 Nb8c6
3.Bf1c4 h6
4.d3 Ng8f6
5.Nb1c3 a6
6.a4 Nf6g4
7.O-O Bf8c5
8.h3 Ng4f6
9.b3 d6
10.Nc3d5 Nc6d4
11.Nd5xf6 Qd8xf6
12.Bc1e3 Bc8xh3
13.gxh3 Nd4xf3
14.Kh1 Nf3h4
15.Qd1g4 h5
16.Qg4e2 Nh4f3
17.Kg2 Bc5xe3
18.fxe3 Qf6g5
19.Kxf3 h4
20.Rf1g1 Qg5h5
21.Kf2 g5
22.Ra1f1 O-O-O
23.Qe2xh5 Rh8xh5
24.Bc4xf7 Rd8f8
25.Ke2 Rh5h7
26.Bf7e6 { resign }
1-0

[Event "Eq:CONFOEDERATIONIS HELVETICAE-Slap Shot Mates : "]
[Site "www.chess-mail.com"]
[Date "2015.03.08"]
[Round "1"]
[White "Thurgau"]
[Black "Jpmartinez"]
[WhiteElo "2700"]
[BlackElo "2590"]
[Result "1-0"]
[Round "1"]
1.e4 e6
2.d4 d5
3.Nb1c3 Ng8f6
4.Bc1g5 Bf8e7
5.e5 Nf6d7
6.Bg5xe7 Qd8xe7
7.f4 a6
8.Ng1f3 Nd7b6
9.Qd1d2 Bc8d7
10.a4 c5
11.a5 Nb6c8
12.dxc5 Qe7xc5
13.Bf1d3 Nc8e7
14.Qd2f2 Qc5xf2
15.Kxf2 O-O
16.g4 Rf8c8
17.Rh1b1 Bd7c6
18.b4 Bc6e8
19.Rb1b3 Nb8d7
20.Ra1e1 Rc8c7
21.Nc3e2 Ra8c8
22.Ne2d4 Nd7f8
23.Kg3 Ne7c6
24.h3 h6
25.f5 Be8d7
26.h4 Nc6a7
27.Re1e3 Bd7a4
28.Rb3b2 Ba4e8
29.g5 hxg5
30.hxg5 Be8d7
31.f6 Rc7c3
32.Nd4e2 Rc3c7
33.Nf3d4 Nf8h7
{ time. }
1-0

[Event "Eq:MondoScacchi-CONFOEDERATIONIS HELVETICAE : "]
[Site "www.chess-mail.com"]
[Date "2015.03.08"]
[Round "1"]
[White "Asoka"]
[Black "Blackpool"]
[WhiteElo "2610"]
[BlackElo "1960"]
[Result "1-0"]
[Round "1"]
1.d4 g6
2.e4 Bf8g7
3.Ng1f3 c6
4.Bf1d3 d5
5.Nb1d2 Bc8g4
6.c3 e6
7.O-O Ng8e7
8.exd5 Ne7xd5
9.Rf1e1 O-O
10.h3 Bg4xf3
11.Nd2xf3 Nb8d7
12.c4 Nd5b4
13.Bd3e4 Nd7f6
14.Bc1g5 Qd8c7
15.a3 Nf6xe4
16.Re1xe4 Nb4a6
17.Ra1b1 Ra8d8
18.Bg5xd8 Qc7xd8
19.Qd1b3 Qd8c7
20.Rb1d1 Rf8d8
21.Re4e1 c5
22.d5 exd5
23.Rd1xd5 b6
24.Qb3b5 Na6b8
25.Rd5xd8 Qc7xd8
26.Re1e8 { resign }
1-0

[Event "Eq:Helvetica B-Los Tercios : "]
[Site "www.chess-mail.com"]
[Date "2015.03.08"]
[Round "1"]
[White "E4player"]
[Black "Shihchuliao"]
[WhiteElo "2480"]
[BlackElo "2040"]
[Result "1-0"]
[Round "1"]
1.e4 e5
2.Ng1f3 d6
3.d4 exd4
4.Nf3xd4 a6
5.c4 Ng8f6
6.Nb1c3 c5
7.Nd4c2 Bc8g4
8.Bf1e2 Qd8d7
9.Bc1g5 Bg4xe2
10.Qd1xe2 Bf8e7
11.Ra1d1 Nb8c6
12.e5 Nc6xe5
13.f4 Ne5g6
14.Bg5xf6 gxf6
15.Nc3d5 O-O
16.O-O Be7d8
17.Nc2e3 f5
18.Rf1f3 b5
19.Rf3h3 Ra8a7
20.Qe2h5 f6
21.Ne3xf5 bxc4
22.Nf5e7 Bd8xe7
23.Qh5xh7 
1-0

[Event "Eq:chibcha-Equipo Juan Diaz : "]
[Site "www.chess-mail.com"]
[Date "2015.03.08"]
[Round "1"]
[White "Etekrik"]
[Black "Manuel09"]
[WhiteElo "2170"]
[BlackElo "2070"]
[Result "1-0"]
[Round "1"]
1.d4 Ng8f6
2.c4 g6
3.Nb1c3 d5
4.cxd5 Nf6xd5
5.e4 Nd5xc3
6.bxc3 Bf8g7
7.Bf1c4 c5
8.Ng1e2 Nb8d7
9.O-O b6
10.e5 e6
11.Ne2f4 Nd7b8
12.Qd1f3 Qd8c7
13.Qf3xa8 Nb8c6
14.Bc4b5 O-O
15.Qa8xc6 { resign }
1-0

[Event "Fast Game"]
[Site "www.echecsemail.com"]
[Date "2015.03.08"]
[Round "1"]
[White "Stevep84"]
[Black "Tenzinnima"]
[WhiteElo "2100"]
[BlackElo "1910"]
[Result "0-1"]
[Round "1"]
1.e4 e6
2.d4 d5
3.Nb1c3 Bf8b4
4.e5 c5
5.Bc1d2 Ng8e7
6.a3 Bb4xc3
7.Bd2xc3 Nb8c6
8.dxc5 d4
9.Bc3b4 Nc6xe5
10.Ng1f3 Ne5c6
11.Bf1d3 Ne7d5
12.Bd3b5 O-O
13.Bb5xc6 Nd5xb4
14.Bc6xb7 Nb4xc2
15.Qd1xc2 Bc8xb7
16.Qc2d3 e5
17.Qd3f5 f6
18.O-O e4
19.Nf3d2 Rf8e8
20.Rf1e1 Re8e5
21.Qf5f4 Qd8d5
22.f3 e3
23.Nd2e4 Bb7a6
24.b4 Ra8d8
25.Ra1d1 e2
26.Rd1d2 d3
27.Qf4g3 Qd5d4
28.Kh1 Qd4e3
29.Ne4xf6 Kf7
30.Nf6g4 Qe3xd2
31.Ng4xe5 Kg8
32.Ne5c6 Qd2xe1
33.Qg3xe1 d2
{ resign }
0-1

[Event "Tourn. n8078"]
[Site "www.chess-mail.com"]
[Date "2015.03.09"]
[Round "1"]
[White "Difficult"]
[Black "Xkafi"]
[WhiteElo "2040"]
[BlackElo "2000"]
[Result "0-1"]
[Round "1"]
1.c4 e5
2.Nb1c3 c6
3.e3 Nb8a6
4.d4 exd4
5.exd4 Bf8b4
6.Bc1d2 Ng8f6
7.Ng1f3 O-O
8.Bf1e2 d6
9.O-O h6
10.a3 Bb4a5
11.b4 Ba5c7
12.Rf1e1 Bc8f5
13.Qd1b3 Rf8e8
14.h3 Na6b8
15.Be2f1 Nb8d7
16.Re1xe8 Qd8xe8
17.Ra1e1 Qe8f8
18.a4 Ra8e8
19.b5 c5
20.Bf1d3 Bf5xd3
21.dxc5 Nd7xc5
{ resign }
0-1

[Event "Tourn. n8118"]
[Site "www.chess-mail.com"]
[Date "2015.03.09"]
[Round "1"]
[White "Oliverio"]
[Black "Zazi"]
[WhiteElo "1520"]
[BlackElo "1540"]
[Result "1-0"]
[Round "1"]
1.e4 e5
2.f4 Bf8d6
3.Ng1f3 exf4
4.d4 g5
5.h4 g4
6.Nf3g5 h6
7.Ng5xf7 Kxf7
8.Bf1c4 Kf8
9.Qd1xg4 Ng8f6
10.Qg4g6 Bd6e7
11.Qg6f7 
1-0

[Event "Tourn. n8003"]
[Site "www.chess-mail.com"]
[Date "2015.03.09"]
[Round "1"]
[White "Genius9"]
[Black "Peck"]
[WhiteElo "1400"]
[BlackElo "1479"]
[Result "1-0"]
[Round "1"]
1.e4 g5
2.d4 e5
3.dxe5 Qd8e7
4.Nb1c3 Qe7xe5
5.Ng1f3 Qe5d6
6.Bc1xg5 Qd6xd1
7.Ra1xd1 h6
8.Bg5e3 b6
9.a3 f6
10.Bf1c4 Ng8e7
11.Nc3d5 Kd8
12.Nd5xf6 Bf8g7
13.e5 Ne7f5
14.Be3f4 d5
15.Bc4xd5 c6
16.Bd5e6 Nb8d7
17.Nf6xd7 Bc8xd7
18.Rd1xd7 Ke8
19.Be6xf5 Bg7f8
20.e6 h5
21.Bf5g6 { resign }
1-0

[Event "Tourn. n8078"]
[Site "www.chess-mail.com"]
[Date "2015.03.09"]
[Round "1"]
[White "Guidom"]
[Black "Difficult"]
[WhiteElo "2060"]
[BlackElo "2100"]
[Result "1/2-1/2"]
[Round "1"]
1.e4 d6
2.d4 g6
3.c4 Bf8g7
4.Nb1c3 Ng8f6
5.Bf1d3 O-O
6.Ng1f3 c6
7.O-O Qd8c7
8.Bc1g5 e5
9.d5 cxd5
10.cxd5 a6
11.Qd1d2 Bc8g4
12.Bd3e2 Nb8d7
13.h3 Bg4xf3
14.Be2xf3 b5
15.Ra1c1 Qc7b7
16.b4 Nd7b6
17.a4 bxa4
18.Rc1a1 a5
19.b5 Rf8c8
20.Nc3xa4 Nb6xa4
21.Ra1xa4 Qb7xb5
{ draw }
1/2-1/2

[Event "Tourn. n8018"]
[Site "www.chess-mail.com"]
[Date "2015.03.09"]
[Round "1"]
[White "Generalfree"]
[Black "Fabos12"]
[WhiteElo "1890"]
[BlackElo "1900"]
[Result "0-1"]
[Round "1"]
1.e4 g6
2.d4 Bf8g7
3.Bc1e3 Nb8c6
4.c3 d6
5.h3 Ng8f6
6.Nb1d2 O-O
7.Bf1d3 b6
8.b4 e5
9.d5 Nc6e7
10.f3 Nf6e8
11.g4 f5
12.gxf5 gxf5
13.exf5 Ne7xf5
14.Bd3xf5 Bc8xf5
15.Ng1e2 Qd8h4
16.Be3f2 Qh4h5
17.Ne2g3 Qh5f7
18.Ng3xf5 Qf7xf5
19.Qd1b1 e4
20.Nd2xe4 Qf5xf3
21.Rh1h2 Bg7xc3
22.Ne4xc3 Qf3xc3
23.Kd1 Qc3f3
24.Ke1 Ne8f6
25.Bf2d4 Ra8e8
26.Kd2 Qf3f4
{ resign }
0-1

[Event "Tourn. n7925"]
[Site "www.chess-mail.com"]
[Date "2015.03.09"]
[Round "1"]
[White "Jpmartinez"]
[Black "Fanny33"]
[WhiteElo "2630"]
[BlackElo "2680"]
[Result "1/2-1/2"]
[Round "1"]
1.d4 f5
2.Nb1c3 Ng8f6
3.Bc1g5 d5
4.f3 c5
5.e4 Nb8c6
6.Ng1e2 dxe4
7.d5 exf3
8.gxf3 Nc6e5
9.Ne2f4 a6
10.Qd1e2 Qd8d6
11.Qe2e3 Ne5f7
12.h4 h6
13.Bg5xf6 gxf6
14.h5 Qd6e5
15.Qe3xe5 Nf7xe5
16.Nc3a4 Ra8b8
17.Na4b6 Ne5xf3
18.Kf2 Nf3e5
19.Nf4g6 Rh8g8
20.Bf1h3 e6
21.Nb6xc8 Rb8xc8
22.dxe6 Rc8d8
23.Bh3xf5 Rd8d2
24.Ke3 Ne5c4
25.Kf3 Nc4d6
26.Bf5d3 c4
27.Bd3e2 Nd6e4
28.Be2xc4 f5
29.Ng6xf8 Rg8xf8
30.Bc4d3 Ke7
31.Ke3 Rd2g2
32.Ra1g1 Rf8g8
33.Rg1xg2 Rg8xg2
34.Rh1f1 Ne4d6
35.Bd3xf5 Nd6xf5
36.Rf1xf5 Kxe6
37.Rf5c5 Kd6
38.Kf3 Rg2h2
39.Kg3 Rh2h1
40.Rc5f5 Ke6
41.Rf5a5 Rh1g1
42.Kf4 Rg1g2
43.Ra5c5 Kd6
44.Kf3 { draw }
1/2-1/2

[Event "Tourn. n7995"]
[Site "www.chess-mail.com"]
[Date "2015.03.09"]
[Round "1"]
[White "Cardiff"]
[Black "Wwgia"]
[WhiteElo "2060"]
[BlackElo "2140"]
[Result "1/2-1/2"]
[Round "1"]
1.d4 Ng8f6
2.c4 g6
3.g3 Bf8g7
4.Bf1g2 O-O
5.Nb1c3 c6
6.e4 d6
7.Ng1e2 Nb8d7
8.O-O e5
9.d5 cxd5
10.cxd5 a5
11.h3 Nd7c5
12.Bc1e3 Nf6d7
13.Ra1c1 f5
14.f3 Qd8b6
15.Kh2 Qb6xb2
16.Rc1b1 Qb2a3
17.Be3xc5 Qa3xc5
18.Rb1b5 Qc5c7
19.Qd1b1 Nd7c5
20.a4 Bc8d7
21.Rb5b6 Ra8a7
22.Rb6b2 Nc5xa4
23.Nc3xa4 Bd7xa4
24.Rb2b6 Ba4c2
25.Qb1b2 Bc2d3
26.Rf1c1 Qc7d8
27.Ne2c3 fxe4
28.Nc3xe4 Bd3xe4
29.fxe4 a4
30.Rb6xb7 a3
31.Qb2b3 Ra7xb7
32.Qb3xb7 a2
33.Rc1a1 Qd8a5
34.Qb7b2 Rf8a8
35.Bg2f1 Bg7h6
36.Bf1c4 Qa5c5
37.Ra1xa2 Ra8f8
38.Bc4d3 Bh6e3
39.Qb2b5 Qc5xb5
{ draw }
1/2-1/2

[Event "Tourn. n7879"]
[Site "www.chess-mail.com"]
[Date "2015.03.09"]
[Round "1"]
[White "Fanny33"]
[Black "Merlino23"]
[WhiteElo "2680"]
[BlackElo "2610"]
[Result "1/2-1/2"]
[Round "1"]
1.f4 d5
2.Ng1f3 Ng8f6
3.g3 g6
4.Bf1g2 Bf8g7
5.O-O O-O
6.d3 c5
7.c3 Nb8c6
8.Nb1a3 Ra8b8
9.Nf3e5 Qd8c7
10.Ne5xc6 Qc7xc6
11.Qd1c2 b5
12.e4 dxe4
13.dxe4 e5
14.f5 Bc8a6
15.Rf1e1 Rf8d8
16.c4 b4
17.Na3b5 Ba6xb5
18.cxb5 Rb8xb5
19.Bg2f1 Rb5b7
20.fxg6 hxg6
21.Bc1g5 Rd8d4
22.Ra1d1 Rb7c7
23.Bg5xf6 Qc6xf6
24.Kg2 Qf6d8
25.Bf1b5 Bg7h6
26.b3 Kg7
27.Re1f1 f6
28.h4 a6
29.Rd1xd4 cxd4
30.Bb5c4 Qd8a8
31.Qc2e2 f5
32.Bc4d5 Qa8c8
33.Bd5c4 f4
34.g4 g5
35.hxg5 Bh6xg5
36.Rf1h1 d3
37.Qe2xd3 Qc8xg4
38.Kf1 Rc7d7
39.Rh1g1 Qg4d1
40.Qd3xd1 Rd7xd1
41.Kf2 Rd1xg1
42.Kxg1 a5
43.Bc4f1 Kf7
44.Kf2 Ke7
45.Ke2 Kd6
46.Bf1g2 Bg5f6
47.Bg2f3 Kc5
48.Kd3 Bf6h4
49.Bf3g4 Bh4f2
50.Bg4h3 Bf2g3
51.Bh3g4 Bg3h4
{ draw }
1/2-1/2

[Event "Tourn. n8060"]
[Site "www.chess-mail.com"]
[Date "2015.03.09"]
[Round "1"]
[White "Difficult"]
[Black "Guidom"]
[WhiteElo "2080"]
[BlackElo "2040"]
[Result "0-1"]
[Round "1"]
1.c4 c5
2.Nb1c3 Ng8f6
3.e4 e5
4.d3 Nb8c6
5.Ng1f3 d6
6.Bf1e2 Bf8e7
7.O-O Bc8g4
8.Nc3d5 Nf6xd5
9.cxd5 Bg4xf3
10.Be2xf3 Nc6d4
11.g3 Be7g5
12.Qd1a4 b5
13.Qa4d1 Bg5xc1
14.Ra1xc1 O-O
15.Bf3g2 a5
16.b3 f5
17.f4 fxe4
18.dxe4 exf4
19.gxf4 Qd8h4
20.f5 Rf8f6
21.Qd1e1 Qh4g5
22.Kh1 Rf6h6
23.Kg1 Ra8e8
24.Qe1g3 Nd4e2
{ resign }
0-1

[Event "Tourn. n8063"]
[Site "www.chess-mail.com"]
[Date "2015.03.09"]
[Round "1"]
[White "Difficult"]
[Black "Gorgo"]
[WhiteElo "2100"]
[BlackElo "2009"]
[Result "0-1"]
[Round "1"]
1.Ng1f3 Ng8f6
2.c4 e6
3.d4 b6
4.a3 Bc8b7
5.g3 c5
6.dxc5 bxc5
7.Bf1g2 Nb8c6
8.O-O Bf8e7
9.Nb1c3 O-O
10.Nf3e5 Nc6xe5
11.Bg2xb7 Ra8b8
12.Bb7a6 Rb8b6
13.Ba6b5 d5
14.b3 a6
15.Bc1f4 Ne5g6
16.Bb5a4 Ng6xf4
17.gxf4 d4
18.Nc3b1 e5
19.fxe5 Nf6g4
20.Nb1d2 Rb6g6
21.Kh1 Ng4xh2
22.Kxh2 Qd8c8
23.Rf1g1 Rg6h6
24.Kg2 Qc8h3

0-1

[Event "Tourn. n7975"]
[Site "www.chess-mail.com"]
[Date "2015.03.09"]
[Round "1"]
[White "Chiccogianca"]
[Black "Osopanda"]
[WhiteElo "1970"]
[BlackElo "1980"]
[Result "1-0"]
[Round "1"]
1.b3 d5
2.Bc1b2 e6
3.g3 Ng8f6
4.Bf1g2 Bf8e7
5.e3 c5
6.d3 Nb8c6
7.Ng1e2 O-O
8.Nb1d2 Qd8c7
9.O-O Rf8d8
10.h3 e5
11.a3 Bc8e6
12.Kh2 Ra8c8
13.Ne2c3 a6
14.e4 b5
15.exd5 Nf6xd5
16.Nc3xd5 Be6xd5
17.Bg2xd5 Nc6d4
18.Bd5g2 f5
19.Bb2xd4 exd4
20.Nd2f3 f4
21.Qd1d2 fxg3
22.fxg3 Be7d6
23.Qd2f2 Rd8f8
24.Ra1e1 Rc8e8
25.Re1xe8 Rf8xe8
26.Rf1e1 Re8xe1
27.Qf2xe1 Kf7
28.Nf3g5 Kg6
29.Ng5e4 Bd6e5
30.Qe1e2 c4
31.Qe2g4 Kf7
32.Qg4f5 Kg8
33.h4 g6
34.Qf5e6 Kg7
35.Bg2f3 cxb3
36.cxb3 Qc7c2
37.Kh3 Qc2c7
38.h5 gxh5
39.Bf3xh5 a5
40.Qe6g4 Kf8
41.Qg4f5 Kg7
42.Ne4g5 Be5xg3
43.Qf5xh7 Kf6
44.Qh7xc7 Bg3xc7
45.Ng5e4 Ke5
46.Kg4 Bc7d8
47.Bh5e8 b4
48.axb4 axb4
49.Be8b5 Kd5
50.Bb5c4 Kc6
51.Kf5 Bd8h4
52.Ke5 Bh4e1
53.Kxd4 Be1c3
54.Ke3 Kd7
55.Ne4xc3 bxc3
56.d4 c2
57.Kd2 c1Q
58.Kxc1 Kc6
59.d5 Kc5
60.Kc2 { resign }
1-0

[Event "Match"]
[Site "www.echecsemail.com"]
[Date "2015.03.09"]
[Round "1"]
[White "Wwgia"]
[Black "Gorgo"]
[WhiteElo "2110"]
[BlackElo "2140"]
[Result "0-1"]
[Round "1"]
1.d4 d5
2.c4 e6
3.Nb1c3 Bf8b4
4.Ng1f3 Ng8f6
5.Bc1g5 c6
6.cxd5 exd5
7.e3 Qd8a5
8.Qd1c2 Nf6e4
9.Ra1c1 Qa5xa2
10.Bf1d3 Bb4xc3
11.bxc3 Qa2xc2
12.Rc1xc2 Ne4xg5
13.Nf3xg5 h6
14.Ng5f3 a5
15.O-O a4
16.e4 dxe4
17.Bd3xe4 O-O
18.Rf1a1 Rf8e8
19.Be4d3 b5
20.Nf3e5 Bc8e6
21.c4 b4
{ resign }
0-1

[Event "Match"]
[Site "www.echecsemail.com"]
[Date "2015.03.09"]
[Round "1"]
[White "F14"]
[Black "Billyg"]
[WhiteElo "1599"]
[BlackElo "1570"]
[Result "1-0"]
[Round "1"]
1.e4 e5
2.Ng1f3 f6
3.Bf1c4 Ng8e7
4.O-O c6
5.d4 b5
6.Bc4b3 Bc8a6
7.dxe5 d5
8.exf6 Nb8d7
9.fxe7 Bf8xe7
10.exd5 Ba6b7
11.d6 Be7f6
12.Rf1e1 Kf8
13.c3 Nd7c5
14.Bc1f4 Nc5d7
15.Nb1d2 g5
16.Nf3xg5 Bf6xg5
17.Qd1g4 Rh8g8
18.Bb3xg8 Kxg8
19.Re1e7 Qd8xe7
20.Qg4xg5 Qe7xg5
21.Bf4xg5 Ra8e8
22.Bg5e7 Bb7c8
23.h3 Nd7c5
24.Nd2b3 Nc5xb3
25.axb3 a6
26.c4 bxc4
27.bxc4 Bc8e6
28.b3 c5
29.Ra1xa6 Re8b8
30.Ra6a7 Rb8e8
31.d7 Re8xe7
32.d8Q { resign }
1-0

[Event "Match"]
[Site "www.echecsemail.com"]
[Date "2015.03.09"]
[Round "1"]
[White "T9l9"]
[Black "Reanna"]
[WhiteElo "1499"]
[BlackElo "1620"]
[Result "1-0"]
[Round "1"]
1.d4 d5
2.c4 Ng8f6
3.cxd5 Nf6xd5
4.e4 Nd5f6
5.Nb1c3 e5
6.Ng1f3 Bf8b4
7.Nf3xe5 Nf6xe4
8.Qd1a4 Nb8c6
9.Ne5xc6 bxc6
10.Qa4xb4 Ne4xf2
11.Kxf2 Qd8f6
12.Kg1 Bc8e6
13.Bc1e3 a5
14.Qb4c5 Be6d7
15.Ra1e1 O-O-O
16.Bf1a6 Kb8
17.d5 h5
18.Qc5a7 
1-0

[Event "Match"]
[Site "www.echecsemail.com"]
[Date "2015.03.09"]
[Round "1"]
[White "Asoka"]
[Black "Gerailen0075"]
[WhiteElo "2600"]
[BlackElo "1809"]
[Result "1-0"]
[Round "1"]
1.e4 Ng8f6
2.e5 Nf6d5
3.d4 d6
4.Ng1f3 Bc8g4
5.Bf1e2 Nb8c6
6.O-O e6
7.c4 Nd5b6
8.exd6 cxd6
9.d5 exd5
10.cxd5 Bg4xf3
11.Be2xf3 Nc6e5
12.Bf3e2 Bf8e7
13.a4 O-O
14.Nb1a3 f5
15.a5 Nb6d7
16.Na3b5 Nd7f6
17.Nb5d4 Qd8c8
18.Nd4e6 Rf8f7
19.Bc1f4 { resign }
1-0

[Event "Match"]
[Site "www.echecsemail.com"]
[Date "2015.03.09"]
[Round "1"]
[White "Generalfree"]
[Black "Ugarovesk"]
[WhiteElo "1790"]
[BlackElo "1699"]
[Result "0-1"]
[Round "1"]
1.e4 d5
2.e5 Bc8f5
3.d4 e6
4.g4 Bf5e4
5.Ng1f3 c5
6.Rh1g1 Be4xf3
7.Qd1xf3 cxd4
8.Bf1c4 dxc4
9.Qf3xb7 Nb8d7
10.Bc1g5 Bf8e7
11.Bg5xe7 Ng8xe7
12.f4 Ne7d5
13.Rg1f1 O-O
14.f5 Nd7c5
15.Qb7b5 Qd8h4
16.Rf1f2 Nc5e4
{ resign }
0-1

[Event "Match"]
[Site "www.echecsemail.com"]
[Date "2015.03.09"]
[Round "1"]
[White "Guidom"]
[Black "Knightjumper"]
[WhiteElo "2040"]
[BlackElo "1700"]
[Result "1/2-1/2"]
[Round "1"]
1.e4 e5
2.Ng1f3 d6
3.Bf1c4 Bf8e7
4.O-O Ng8f6
5.d3 O-O
6.Nb1c3 Nb8c6
7.Bc1g5 Nc6a5
8.Bc4b3 Na5xb3
9.axb3 c6
10.Qd1e2 Qd8c7
11.Qe2e3 a6
12.Rf1d1 Nf6g4
13.Qe3d2 Be7xg5
14.Qd2xg5 h6
15.Qg5d2 Bc8e6
16.h3 Ng4f6
17.d4 Ra8c8
18.dxe5 dxe5
19.Qd2d6 Qc7xd6
20.Rd1xd6 Rc8d8
21.Rd6xd8 Rf8xd8
22.Nf3xe5 Rd8d2
23.Ra1c1 Kf8
24.Ne5d3 Be6xb3
25.Nd3c5 Bb3xc2
26.Kf1 b6
27.Ke1 Rd2d8
28.Rc1xc2 bxc5
29.f3 Rd8d4
30.Nc3e2 Rd4b4
{ draw }
1/2-1/2

[Event "Match"]
[Site "www.echecsemail.com"]
[Date "2015.03.09"]
[Round "1"]
[White "Joseph1983"]
[Black "Rob33"]
[WhiteElo "2110"]
[BlackElo "2329"]
[Result "1-0"]
[Round "1"]
1.d4 Ng8f6
2.c4 e5
3.dxe5 Nf6e4
4.a3 Nb8c6
5.Ng1f3 Bf8c5
6.e3 O-O
7.Bf1d3 d6
8.Bd3xe4 Bc8g4
9.Qd1c2 dxe5
10.Be4xh7 Kh8
11.Bh7e4 { resign }
1-0

[Event "Match"]
[Site "www.echecsemail.com"]
[Date "2015.03.09"]
[Round "1"]
[White "Generalfree"]
[Black "Mrmoto"]
[WhiteElo "1760"]
[BlackElo "1580"]
[Result "0-1"]
[Round "1"]
1.e4 e5
2.Ng1f3 Nb8c6
3.Bf1c4 Bf8c5
4.Bc4xf7 Kxf7
5.Nf3xe5 Nc6xe5
6.Qd1h5 Kf8
7.Qh5xe5 Bc5xf2
8.Kxf2 d6
9.Qe5f4 Qd8f6
10.d3 Qf6xf4
11.Bc1xf4 Ke7
12.Rh1e1 Bc8d7
13.h3 Ra8f8
14.Kf3 Kd8
15.g4 g5
16.Kg2 Rf8xf4
17.Nb1d2 h5
18.gxh5 Rh8xh5
19.Nd2c4 Bd7xh3
20.Kg3 Rf4g4
21.Kf3 Rg4g2
22.Nc4e3 g4
23.Ne3xg4 Rg2xc2
24.b3 Rc2c5
25.Ng4f2 Bh3e6
26.d4 Rc5g5
27.d5 Be6d7
28.Nf2d3 c6
29.Nd3f4 Bd7g4
30.Ke3 cxd5
31.Nf4xh5 Rg5xh5
32.exd5 Rh5e5
33.Kf4 Bg4d7
34.Re1h1 Kc7
35.Ra1c1 Kb6
36.Rh1h8 Re5f5
37.Ke3 Ng8e7
38.Rh8d8 Ne7xd5
39.Kd4 Nd5f6
40.Kc4 Rf5c5
41.Kb4 Rc5xc1
42.a4 a5
{ resign }
0-1

[Event "Match"]
[Site "www.echecsemail.com"]
[Date "2015.03.09"]
[Round "1"]
[White "Fanny33"]
[Black "Tatar"]
[WhiteElo "2700"]
[BlackElo "2700"]
[Result "1/2-1/2"]
[Round "1"]
1.e4 g6
2.d4 Bf8g7
3.c3 d5
4.exd5 Qd8xd5
5.Ng1f3 c5
6.Nb1a3 cxd4
7.Na3b5 Nb8a6
8.Nb5xd4 Ng8f6
9.Bf1b5 Bc8d7
10.Qd1e2 O-O
11.O-O Bd7xb5
12.Nd4xb5 Qd5e4
13.Rf1e1 Qe4xe2
14.Re1xe2 e6
15.Bc1e3 b6
16.Nf3e5 Rf8c8
17.Nb5d6 Rc8c7
18.Nd6b5 Rc7c8
19.Ra1d1 Nf6d5
20.f4 Bg7f8
21.Kf2 Na6c7
22.Nb5d4 b5
23.Kf3 Nd5xe3
24.Re2xe3 Nc7d5
25.Re3e2 a6
26.g4 Nd5b6
27.h4 Rc8d8
28.h5 Rd8d6
29.hxg6 hxg6
30.f5 exf5
31.gxf5 Ra8e8
32.Ne5d3 Re8xe2
33.Kxe2 Bf8g7
34.fxg6 fxg6
35.Rd1g1 Kf7
{ draw }
1/2-1/2